Ravishing radiance/ (Record no. 153486)
[ view plain ]
| 000 -LEADER | |
|---|---|
| fixed length control field | 00544nam a22001817a 4500 |
| 003 - CONTROL NUMBER IDENTIFIER | |
| control field | dpl |
| 005 - DATE AND TIME OF LATEST TRANSACTION | |
| control field | 20190123141154.0 |
| 008 - FIXED-LENGTH DATA ELEMENTS--GENERAL INFORMATION | |
| fixed length control field | 180706b xxu||||| |||| 00| 0 eng d |
| 020 ## - INTERNATIONAL STANDARD BOOK NUMBER | |
| International Standard Book Number | 8123738536 |
| Terms of availability | 50.00 |
| 035 ## - SYSTEM CONTROL NUMBER | |
| System control number | B-108307, B-108329 |
| 040 ## - CATALOGING SOURCE | |
| Original cataloging agency | DPL |
| Language of cataloging | EN |
| Transcribing agency | 0 |
| 082 ## - DEWEY DECIMAL CLASSIFICATION NUMBER | |
| Classification number | 539.752 |
| 100 ## - MAIN ENTRY--PERSONAL NAME | |
| Personal name | Phondke, Bak |
| 245 ## - TITLE STATEMENT | |
| Title | Ravishing radiance/ |
| Remainder of title | popular science |
| Statement of responsibility, etc | by Bal Phondke |
| 260 ## - PUBLICATION, DISTRIBUTION, ETC. (IMPRINT) | |
| Place of publication, distribution, etc | New Delhi |
| Name of publisher, distributor, etc | National Book Trust, India |
| Date of publication, distribution, etc | 2002 |
| 300 ## - PHYSICAL DESCRIPTION | |
| Extent | xiv,82p. |
| Other physical details | including diagrams |
| Dimensions | 22cm. |
| 942 ## - ADDED ENTRY ELEMENTS (KOHA) | |
| Source of classification or shelving scheme | Dewey Decimal Classification |
| Koha item type | English Books |
| Classification part | 539.752 |
| Call number suffix | PHO |
| Withdrawn status | Lost status | Source of classification or shelving scheme | Damaged status | Not for loan | Collection code | Home library | Current library | Date acquired | Source of acquisition | Cost, normal purchase price | Total Checkouts | Full call number | Barcode | Date last seen | Date checked out | Cost, replacement price | Price effective from | Koha item type | Public note |
|---|---|---|---|---|---|---|---|---|---|---|---|---|---|---|---|---|---|---|---|
| Dewey Decimal Classification | Non-fiction | Patel Nagar | Patel Nagar | 06/07/2018 | BPPD/Pub | 50.00 | 2 | 539.752 PHO | b-108307 | 25/01/2021 | 25/01/2021 | 50.00 | 06/07/2018 | English Books | |||||
| Dewey Decimal Classification | Non-fiction | Sarojini Nagar | Sarojini Nagar | 28/05/2019 | 539.752 PHO | B-108313 | 28/05/2019 | 28/05/2019 | English Books | Withdrawn List Prepared L.No.11/6 | |||||||||
| Dewey Decimal Classification | Non-fiction | Vigyan Vihar | Vigyan Vihar | 23/01/2019 | BPPD/PUB | 50.00 | 539.752 PHO | B-108329 | 23/01/2019 | 50.00 | 23/01/2019 | English Books |
